Jogo de mãos (Record no. 46299)
[ view plain ]
| 000 -Etiqueta do registo | |
|---|---|
| Valores | 00688nam a2200241 4500 |
| 010 ## - Número ISBN | |
| ISBN | 9789898032294 |
| 021 ## - Número do Depósito Legal | |
| Número | 278157/08 |
| 100 ## - Dados gerais de processamento | |
| Dados gerais | 20110608e20102008m y0pory5003 ba |
| 101 1# - Língua de publicação | |
| Língua | por |
| 102 ## - País de publicação | |
| País | PT |
| 200 1# - Titulo e menção de responsabilidade | |
| Título próprio | Jogo de mãos |
| Informação de outro título | romance |
| Primeira menção de responsabilidade | Nora Roberts |
| Outras menções de responsabilidade | trad. Isabel Penteado |
| -- | rev. Idalina Morgado |
| 205 ## - Menção da edição | |
| Edição | 1.ª ed. |
| Outras menções de edição | Reimp. |
| 210 ## - Publicação | |
| Local de publicação | Parede |
| Nome do editor | Chá das Cinco, |
| Data de publicação | 2010 |
| 215 ## - Descrição física | |
| Paginação / Volumes | 429, [2] p. |
| Outras indicações físicas | il. |
| Dimensões | 23 cm |
| 304 ## - Nota relativa ao título | |
| Texto de nota | Tít. orig.: Honest illusions |
| 675 ## - CDU | |
| Notação | 821.111(73)-31"19/20" |
| Edição | BN |
| Língua | por |
| 700 #1 - Autor principal | |
| Apelido | Roberts, |
| Nome | Nora, |
| 702 #1 - Autor secundário | |
| Apelido | Morgado, |
| Nome | Idalina |
| Função | 675 |
| 702 #1 - Autor secundário | |
| Apelido | Penteado, |
| Nome | Isabel C. |
| Função | 730 |
| 801 #0 - Fonte de origem | |
| País | PT |
| Agência | BN |
| Regras de catalogação | RPC |
| 990 ## - Elementos KOHA | |
| Tipo de documento | Livro |
| Aquisição | Empréstimo | Código de barras | Cota | Permissão de empréstimo | Tipo de documento | Nota relativa ao exemplar |
|---|---|---|---|---|---|---|
| Biblioteca Municipal de Redondo | Biblioteca Municipal de Redondo | 057414 | 821.111(73)-3 ROB | Livro | oferta de Franklim Amaro Cabreirinha |